Statistics for 50 Largest Countries on the World Map Quiz

Click here to take the quiz!

General Stats

  • This quiz has been taken 58,343 times
  • The average score is 40 of 50

Answer Stats

Answer % Correct
Russia
98%
Australia
97%
United States
97%
Canada
96%
Brazil
96%
China
96%
India
95%
Mexico
94%
Argentina
93%
Indonesia
91%
Mongolia
90%
S. Africa
90%
Saudi Arabia
89%
France
89%
Madagascar
88%
Chile
88%
Egypt
87%
Turkey
86%
Kazakhstan
86%
Ukraine
85%
Iran
83%
Algeria
83%
Thailand
83%
Yemen
83%
Peru
83%
Pakistan
82%
Libya
82%
Venezuela
82%
Bolivia
81%
Afghanistan
79%
Somalia
79%
Colombia
77%
D.R. Congo
76%
Sudan
74%
Ethiopia
72%
C. African Rep.
71%
Mozambique
69%
S. Sudan
69%
Nigeria
68%
Mauritania
68%
Myanmar
68%
Kenya
67%
Chad
67%
Mali
65%
Angola
65%
Namibia
65%
Botswana
64%
Niger
63%
Tanzania
63%
Zambia
60%

Score Distribution

Percentile by Number Answered

Percent of People with Each Score

Your Score History

You have not taken this quiz